00349pab a2200133 454500008004000000100002100040245004300061260000900104300001300113362000800126650004100134650002800175773001200203180718b2014 xxu||||| |||| 00| 0 eng d aRanade, Jayadeva aThe future of China-Pakistan relations c2014 ap.62-68. aDec aChina - Foreign relations - Pakistan aInternational relations aSeminar